000 00413nam a2200145Ia 4500
008 100204s9999 xx 000 0 und d
082 _b546
100 _aनंदा गुलशन
245 _aकामिनी
260 _b"मनोरंजन प्रकाशन , मुंबई"
_c1978
300 _a178
630 _aकामिनी
730 _aकामिनी
942 _cBOOK
999 _c445741
_d445738